Determinanty rozvoja jednodňovej zdravotnej starostlivosti na Slovensku

Súčasný stav jednodňovej zdravotnej starostlivosti v zahraničí a na Slovensku. Determinanty kvality jednodňovej zdravotnej starostlivosti. Bariéry rozvoja.

Salvato in:
Dettagli Bibliografici
Autore principale: Gavurová, Beáta, 1972-
Altri autori: Hyránek, Eduard, 1955-
Natura: Capitolo di libro
Lingua:slovacco
Soggetti:
Tags: Aggiungi Tag
Nessun Tag, puoi essere il primo ad aggiungerne!!

MARC

LEADER 00000naa a2200000 4500
001 0167352
005 20240502072923.0
041 0 |a slo 
044 |a SK 
245 1 0 |a Determinanty rozvoja jednodňovej zdravotnej starostlivosti na Slovensku  |c Beáta Gavurová, Eduard Hyránek 
520 |a Súčasný stav jednodňovej zdravotnej starostlivosti v zahraničí a na Slovensku. Determinanty kvality jednodňovej zdravotnej starostlivosti. Bariéry rozvoja. 
610 2 0 |a starostlivosť zdravotná 
610 2 0 |a Slovensko 
610 2 0 |a kvalita 
610 2 0 |a financovanie 
610 2 0 |a zariadenia zdravotnícke 
100 1 |a Gavurová, Beáta, 1972- 
700 1 |a Hyránek, Eduard, 1955-